Preplatok na dani z príjmov s príkladmi

Vznik daňového preplatku. Použitie preplatku. Vrátenie preplatku.

Uložené v:
Podrobná bibliografia
Médium: Kapitola
Jazyk:Slovak
Predmet:
Tagy: Pridať tag
Žiadne tagy, Buďte prvý, kto otaguje tento záznam!

MARC

LEADER 00000naa a2200000 4500
001 r048399
005 20230927071549.7
041 0 |a slo 
044 |a SK 
245 1 0 |a Preplatok na dani z príjmov s príkladmi 
520 |a Vznik daňového preplatku. Použitie preplatku. Vrátenie preplatku. 
610 2 0 |a dane z príjmov 
610 2 0 |a daňovníci